[Event "First Saturday 2011 november"]
[Site "Budapest"]
[Date "2011.11.13"]
[Round "9"]
[White "Citak, Selim"]
[Black "Keschitz, Gyorgy"]
[Result "1-0"]
[WhiteElo "2363"]
[BlackElo "2315"]
[PlyCount "53"]
[EventDate "2011.11.05"]

1. d4 d6 2. c4 Nf6 3. Nc3 e5 4. Nf3 Nc6 5. d5 Ne7 6. e4 Ng6 7. g3 Be7 8. Bg2 c6
9. O-O a6 10. dxc6 bxc6 11. Qa4 O-O 12. Qxc6 Rb8 13. Qa4 Qc7 14. Nd2 Be6 15.
Re1 Nd7 16. Nd5 Bxd5 17. cxd5 Nc5 18. Qc2 Qd7 19. Nc4 Rfc8 20. Be3 Bd8 21. Rec1
Na4 22. b3 Nc5 23. Nxd6 Nxb3 24. Nxc8 Nxa1 25. Qc4 Rb7 26. Rxa1 Rc7 27. Nb6 1-0

[Event "First Saturday 2011 november"]
[Site "Budapest"]
[Date "2011.11.14"]
[Round "10"]
[White "Szamoskozy, Gabor"]
[Black "Citak, Selim"]
[Result "1/2-1/2"]
[WhiteElo "2378"]
[BlackElo "2363"]
[PlyCount "33"]
[EventDate "2011.11.05"]

1. e4 e5 2. Nf3 Nf6 3. Nxe5 d6 4. Nf3 Nxe4 5. Nc3 Nf6 6. d4 Be7 7. Bf4 O-O 8.
Bd3 Re8 9. O-O Bg4 10. h3 Bh5 11. Re1 Nbd7 12. Re3 Nb6 13. Bh2 Nbd5 14. Nxd5
Nxd5 15. Re1 Qd7 16. c3 Nf6 17. Be2 1/2-1/2

[Event "First Saturday 2011 november"]
[Site "Budapest"]
[Date "2011.11.14"]
[Round "10"]
[White "Meurs, Tom"]
[Black "Coleman, Teddy"]
[Result "1/2-1/2"]
[WhiteElo "2247"]
[BlackElo "2310"]
[PlyCount "80"]
[EventDate "2011.11.05"]

1. e4 c5 2. Nf3 e6 3. d4 cxd4 4. Nxd4 a6 5. Bd3 Bc5 6. Nb3 Ba7 7. Qg4 Nf6 8.
Qg3 d6 9. Nc3 Nc6 10. Bg5 h6 11. Bd2 e5 12. Nd5 O-O 13. O-O-O Kh8 14. f4 Be6
15. Nxf6 Qxf6 16. f5 Bxb3 17. axb3 d5 18. exd5 Nd4 19. Rde1 Rfe8 20. Rhf1 Bc5
21. Qh3 a5 22. g4 a4 23. b4 a3 24. bxa3 e4 25. Rxe4 Rxe4 26. Bxe4 Nf3 27. Kd1
Nxd2 28. Kxd2 Bd4 29. Qg3 Bb2 30. Rf3 Qd4+ 31. Bd3 Re8 32. Rf1 Bc3+ 33. Kd1
Qxd5 34. f6 g5 35. Qh3 Kg8 36. Kc1 Qe5 37. Qf3 Bb2+ 38. Kd1 Bxa3 39. c3 Bb2 40.
Qf5 Qxf5 1/2-1/2

[Event "First Saturday 2011 november"]
[Site "Budapest"]
[Date "2011.11.14"]
[Round "10"]
[White "Lengyel, Bela"]
[Black "Holm, Sejer"]
[Result "1/2-1/2"]
[WhiteElo "2258"]
[BlackElo "2222"]
[PlyCount "119"]
[EventDate "2011.11.05"]

1. e4 e6 2. d4 d5 3. Nc3 dxe4 4. Nxe4 Nd7 5. Nf3 Ngf6 6. Nxf6+ Nxf6 7. Bd3 c5
8. dxc5 Bxc5 9. Qe2 a6 10. Bg5 h6 11. Bh4 Qc7 12. Bg3 Bb4+ 13. c3 Bd6 14. Bxd6
Qxd6 15. O-O-O Qc7 16. Ne5 Bd7 17. Rhe1 Bc6 18. Kb1 O-O-O 19. f3 Kb8 20. Nxc6+
Qxc6 21. f4 Qc7 22. g3 Rd5 23. Bc2 Rhd8 24. Rxd5 Rxd5 25. Bb3 Rd8 26. Kc1 Ka8
27. Qe5 Qxe5 28. Rxe5 Nd7 29. Re3 Nc5 30. Bc2 Rd6 31. b4 Nd7 32. Bb3 Nf6 33.
Kc2 Kb8 34. a4 b6 35. Bc4 a5 36. Re5 axb4 37. cxb4 Rd4 38. Kc3 Rd1 39. a5 bxa5
40. bxa5 Rc1+ 41. Kd3 Ne8 42. f5 Nd6 43. fxe6 Rxc4 44. exf7 Rc8 45. Re8 Rxe8
46. fxe8=Q+ Nxe8 47. Ke4 Kc7 48. Kf5 Kd7 49. Kg6 Ke7 50. a6 Kf8 51. a7 Nc7 52.
Kh7 Kf7 53. g4 Na8 54. h4 Nc7 55. h5 Na8 56. Kh8 Nc7 57. Kh7 Kf6 58. Kg8 g6 59.
hxg6 Kxg6 60. Kh8 1/2-1/2

[Event "First Saturday 2011 november"]
[Site "Budapest"]
[Date "2011.11.14"]
[Round "10"]
[White "Farago, Sandor"]
[Black "Hou, Qiang"]
[Result "0-1"]
[WhiteElo "2317"]
[BlackElo "2322"]
[PlyCount "102"]
[EventDate "2011.11.05"]

1. e4 e5 2. Nf3 Nc6 3. Bb5 a6 4. Ba4 Nf6 5. Qe2 b5 6. Bb3 Be7 7. c3 O-O 8. h3
d5 9. d3 Bb7 10. O-O Re8 11. Rd1 Na5 12. Bc2 Bf8 13. b4 Nc6 14. Bg5 d4 15. Bb3
dxc3 16. Nxc3 Nd4 17. Nxd4 exd4 18. Nb1 Bxb4 19. Nd2 Ba3 20. f4 a5 21. e5 a4
22. Bc2 Qd7 23. Qf2 Nd5 24. Qxd4 Qc6 25. Ne4 Qxc2 26. Rd2 Qc6 27. Qf2 Nc3 28.
Nf6+ gxf6 29. Bxf6 Bc5 30. d4 Ne4 31. Qh4 Nxf6 32. dxc5 Ne4 33. Re2 Kh8 34. Kh2
Rg8 35. Rg1 Nxc5 36. Rd2 Ne4 37. Rd3 b4 38. f5 b3 39. axb3 a3 40. e6 fxe6 41.
f6 Nd6 42. Rd2 a2 43. f7 Nxf7 44. Qf6+ Rg7 45. Qa1 e5 46. Rf2 Qd6 47. Rxa2 Rxa2
48. Qxa2 e4+ 49. Kh1 e3 50. Qa7 Qc6 51. Qd4 Kg8 0-1

[Event "First Saturday 2011 november"]
[Site "Budapest"]
[Date "2011.11.15"]
[Round "11"]
[White "Holm, Sejer"]
[Black "Farago, Sandor"]
[Result "1-0"]
[WhiteElo "2222"]
[BlackElo "2317"]
[PlyCount "101"]
[EventDate "2011.11.05"]

1. d4 d5 2. Nf3 Nf6 3. c4 c6 4. Nc3 a6 5. e3 b5 6. cxd5 cxd5 7. Bd3 e6 8. O-O
Be7 9. Ne5 O-O 10. Bd2 Bb7 11. Rc1 Nbd7 12. f4 g6 13. a3 Nb6 14. Qf3 Rb8 15.
Rc2 Nc4 16. Be1 Nd7 17. Qh3 f5 18. Ne2 Rc8 19. Rf3 Ndxe5 20. fxe5 Qd7 21. Nf4
Rf7 22. g4 Rg7 23. Rg3 Bg5 24. gxf5 Bxf4 25. exf4 exf5 26. Bb4 Qe6 27. b3 a5
28. Bc5 Rxc5 29. dxc5 Nxa3 30. Rc1 d4 31. Bf1 Be4 32. Bd3 Bc6 33. Qh4 Qd5 34.
Kf2 Rf7 35. Bf1 Qd7 36. Bg2 Be4 37. c6 Qc7 38. e6 Rf8 39. e7 Re8 40. Bxe4 fxe4
41. f5 e3+ 42. Kg1 e2 43. f6 Qe5 44. f7+ Kxf7 45. Qxh7+ Ke6 46. Rxg6+ Kd5 47.
Qf7+ Ke4 48. Re6 d3 49. Rxe5+ Kxe5 50. Qf3 Rxe7 51. Qxd3 1-0

[Event "First Saturday 2011 november"]
[Site "Budapest"]
[Date "2011.11.15"]
[Round "11"]
[White "Coleman, Teddy"]
[Black "Lengyel, Bela"]
[Result "1/2-1/2"]
[WhiteElo "2310"]
[BlackElo "2258"]
[PlyCount "110"]
[EventDate "2011.11.05"]

1. d4 Nf6 2. c4 g6 3. Nc3 Bg7 4. e4 d6 5. Nge2 O-O 6. f3 c5 7. d5 e6 8. Ng3 a6
9. a4 exd5 10. cxd5 h5 11. Be2 Nh7 12. Be3 Nd7 13. O-O Ne5 14. f4 Ng4 15. Bxg4
Bxg4 16. Qd2 h4 17. Nh1 f5 18. Nf2 Bh5 19. e5 dxe5 20. Bxc5 e4 21. d6 b6 22.
Ba3 Rf7 23. Nd5 Bf8 24. Qb4 a5 25. Qxb6 Qxb6 26. Nxb6 Rd8 27. Nc4 Be2 28. Nxa5
Bxf1 29. Kxf1 Bxd6 30. Nc6 Rc8 31. Bxd6 Rxc6 32. Be5 Nf6 33. b4 Nd5 34. b5 Rc2
35. a5 Ne3+ 36. Kg1 Nc4 37. a6 Rd7 38. a7 Rxa7 39. Rxa7 Rc1+ 40. Nd1 Rxd1+ 41.
Kf2 Rb1 42. Rg7+ Kf8 43. Rxg6 Rxb5 44. Rf6+ Ke7 45. Rxf5 Ke6 46. Rg5 Ra5 47.
Bd4 Ra2+ 48. Ke1 h3 49. gxh3 Nd2 50. Re5+ Kf7 51. Rf5+ Ke6 52. Re5+ Kf7 53. Kd1
Nf3 54. Rxe4 Rd2+ 55. Kc1 Rxd4 1/2-1/2

[Event "First Saturday 2011 november"]
[Site "Budapest"]
[Date "2011.11.15"]
[Round "11"]
[White "Szalanczy, Emil"]
[Black "Meurs, Tom"]
[Result "1/2-1/2"]
[WhiteElo "2281"]
[BlackElo "2247"]
[PlyCount "152"]
[EventDate "2011.11.05"]

1. e4 e5 2. Nf3 Nc6 3. Bb5 a6 4. Ba4 Nf6 5. O-O Nxe4 6. d4 b5 7. Bb3 d5 8. dxe5
Be6 9. c3 Bc5 10. Nbd2 O-O 11. Bc2 Bf5 12. Nb3 Bg6 13. Bf4 Bb6 14. Nbd4 Ne7 15.
Nh4 Re8 16. a4 c5 17. Ndf3 Qc7 18. h3 Rad8 19. Bh2 Qb7 20. Qe2 c4 21. axb5 axb5
22. Nd4 Nc6 23. Nxc6 Qxc6 24. Nxg6 hxg6 25. Rad1 f5 26. exf6 Nxf2 27. f7+ Kxf7
28. Rxf2+ Kg8 29. Qg4 Bxf2+ 30. Kxf2 Re6 31. Kg1 Rde8 32. Bg3 d4 33. Rf1 Re2
34. Rf2 d3 35. Bd1 Qb6 36. Qf3 R2e3 37. Qf7+ Kh7 38. Bc7 Qc5 39. b4 Re1+ 40.
Kh2 Qe3 41. Rf4 Qg1+ 42. Kg3 R1e3+ 43. Bf3 Rxf3+ 44. Rxf3 Qe1+ 45. Kh2 d2 46.
Bg3 Qe2 47. Rf4 Re4 48. Rf6 Qh5 49. Rc6 d1=Q 50. Rc7 Qxh3+ 51. gxh3 Re2+ 52.
Bf2 Rxf2+ 53. Qxf2 Qd6+ 54. Qg3 Qd2+ 55. Kg1 Qd1+ 56. Kg2 Qd2+ 57. Qf2 Qg5+ 58.
Kf1 Qc1+ 59. Ke2 Qc2+ 60. Kf1 Qc1+ 61. Kg2 Qg5+ 62. Kh1 Qd5+ 63. Qg2 Qd1+ 64.
Kh2 Qd6+ 65. Qg3 Qd2+ 66. Kg1 Qd1+ 67. Kf2 Qd2+ 68. Kf1 Qc1+ 69. Ke2 Qc2+ 70.
Ke1 Qc1+ 71. Ke2 Qc2+ 72. Kf3 Qd3+ 73. Kf2 Qd2+ 74. Kg1 Qd1+ 75. Kg2 Qd2+ 76.
Qf2 Qg5+ 1/2-1/2

[Event "First Saturday 2011 november"]
[Site "Budapest"]
[Date "2011.11.15"]
[Round "11"]
[White "Citak, Selim"]
[Black "Csonka, Balazs"]
[Result "1/2-1/2"]
[WhiteElo "2363"]
[BlackElo "2303"]
[PlyCount "114"]
[EventDate "2011.11.05"]

1. d4 d5 2. c4 c6 3. Nf3 Nf6 4. e3 Bf5 5. Nc3 e6 6. Nh4 Bg6 7. Nxg6 hxg6 8. g3
Nbd7 9. Bg2 dxc4 10. Qe2 Nb6 11. O-O Be7 12. Rd1 Qc7 13. e4 e5 14. a4 a5 15. d5
Bc5 16. Be3 Nfd7 17. Rd2 O-O 18. Rad1 Rad8 19. d6 Qb8 20. Bh3 Qa7 21. Bg5 Nf6
22. Be3 Nbd7 23. Bg5 Qa6 24. Bf1 Bd4 25. Rxd4 exd4 26. Rxd4 Ne5 27. Kh1 c5 28.
Rd2 Rxd6 29. Rxd6 Qxd6 30. f4 Neg4 31. Bxf6 Nxf6 32. e5 Qd4 33. exf6 gxf6 34.
Qxc4 Rd8 35. Qxd4 cxd4 36. Ne4 d3 37. Nc3 Rd6 38. Kg2 d2 39. Be2 Rb6 40. Kf2
Rxb2 41. Ke3 g5 42. f5 Kf8 43. h4 gxh4 44. gxh4 Kg7 45. Bd1 Rb4 46. h5 Rb2 47.
Kd3 Kh6 48. Nd5 b5 49. axb5 Rxb5 50. Ne3 Kg5 51. Kxd2 Rb8 52. Kc3 Kf4 53. Nc4
Rc8 54. Bc2 Kg5 55. Kb3 Kxh5 56. Nxa5 Rxc2 57. Kxc2 Kg5 1/2-1/2

[Event "First Saturday 2011 november"]
[Site "Budapest"]
[Date "2011.11.15"]
[Round "11"]
[White "Keschitz, Gyorgy"]
[Black "Szamoskozy, Gabor"]
[Result "0-1"]
[WhiteElo "2315"]
[BlackElo "2378"]
[PlyCount "40"]
[EventDate "2011.11.05"]

1. Nf3 c5 2. e4 Nc6 3. c3 d5 4. d3 g6 5. Be2 Bg7 6. O-O e5 7. exd5 Qxd5 8. Be3
Nge7 9. Ng5 b6 10. f4 Bb7 11. Bf3 Qd7 12. Nxf7 Nf5 13. Nxe5 Nxe5 14. Bxb7 Qxb7
15. Qe2 Nd7 16. Bxc5+ Kf7 17. Ba3 Rhe8 18. Qf3 Qxf3 19. gxf3 Re2 20. Rd1 Bh6
0-1

[Event "First Saturday 2011 november"]
[Site "Budapest"]
[Date "2011.11.16"]
[Round "12"]
[White "Csonka, Balazs"]
[Black "Keschitz, Gyorgy"]
[Result "1/2-1/2"]
[WhiteElo "2303"]
[BlackElo "2315"]
[PlyCount "45"]
[EventDate "2011.11.05"]

1. e4 c5 2. Nf3 Nc6 3. d4 cxd4 4. Nxd4 g6 5. Nc3 Bg7 6. Be3 Nf6 7. Bc4 Qa5 8.
O-O O-O 9. Bb3 d6 10. h3 Bd7 11. f4 Rac8 12. Nf3 Qh5 13. Qd3 b5 14. a3 a5 15.
Nd5 a4 16. Nxf6+ Bxf6 17. Bd5 b4 18. e5 dxe5 19. Bxf7+ Kxf7 20. Qxd7 exf4 21.
Bxf4 Qf5 22. Qxf5 gxf5 23. axb4 1/2-1/2

[Event "First Saturday 2011 november"]
[Site "Budapest"]
[Date "2011.11.16"]
[Round "12"]
[White "Lyell, Mark"]
[Black "Citak, Selim"]
[Result "1/2-1/2"]
[WhiteElo "2189"]
[BlackElo "2363"]
[PlyCount "114"]
[EventDate "2011.11.05"]

1. e4 c6 2. d4 d5 3. e5 Bf5 4. Bd3 Bxd3 5. Qxd3 e6 6. Ne2 c5 7. O-O Nc6 8. Nd2
cxd4 9. Nf3 Bc5 10. Nexd4 Bxd4 11. Nxd4 Nxe5 12. Qg3 Ng6 13. Nb5 Kf8 14. Be3 a6
15. Nd6 Qc7 16. c4 Rd8 17. cxd5 Qxd6 18. Qxd6+ Rxd6 19. Bc5 Ke7 20. dxe6 Kxe6
21. Rfe1+ Kd7 22. Bxd6 Kxd6 23. Rad1+ Kc7 24. Rc1+ Kb6 25. Re3 Nh6 26. Rb3+ Ka7
27. Rc7 Rb8 28. g4 Nf4 29. Re7 Nd5 30. Re5 Nb6 31. g5 Ng8 32. Re4 Rd8 33. Rbe3
Rd1+ 34. Re1 Rxe1+ 35. Rxe1 Nd5 36. Re8 Nge7 37. Rh8 Nf4 38. Rxh7 Nf5 39. h4
Ne6 40. Kg2 Nf8 41. Rh5 Ng6 42. Kf3 Kb6 43. Kg4 Nfxh4 44. Rh7 Kc6 45. Rxg7 Kd5
46. Rh7 Ng2 47. Kg3 N2f4 48. Rxf7 Ne2+ 49. Kh2 Nd4 50. Rxb7 Nf3+ 51. Kh1 Ngh4
52. Rb6 Nxg5 53. Rxa6 Ne4 54. Ra7 Kd4 55. Rh7 Nf3 56. a4 Ne5 57. a5 Nc4 {
after 27 move} 1/2-1/2

[Event "First Saturday 2011 november"]
[Site "Budapest"]
[Date "2011.11.16"]
[Round "12"]
[White "Lengyel, Bela"]
[Black "Szalanczy, Emil"]
[Result "1/2-1/2"]
[WhiteElo "2258"]
[BlackElo "2281"]
[PlyCount "36"]
[EventDate "2011.11.05"]

1. e4 c5 2. Nf3 d6 3. d4 cxd4 4. Nxd4 Nf6 5. Nc3 g6 6. Be3 Bg7 7. f3 Nc6 8. Qd2
O-O 9. Bc4 Bd7 10. Bb3 Rc8 11. h4 Ne5 12. h5 Nxh5 13. g4 Nf6 14. O-O-O Nc4 15.
Bxc4 Rxc4 16. Nde2 Re8 17. e5 Nxg4 18. fxg4 Bxg4 1/2-1/2

[Event "First Saturday 2011 november"]
[Site "Budapest"]
[Date "2011.11.16"]
[Round "12"]
[White "Farago, Sandor"]
[Black "Coleman, Teddy"]
[Result "0-1"]
[WhiteElo "2317"]
[BlackElo "2310"]
[PlyCount "104"]
[EventDate "2011.11.05"]

1. e4 c5 2. Nf3 e6 3. d4 cxd4 4. Nxd4 a6 5. Bd3 Bc5 6. Nb3 Ba7 7. Nc3 Nc6 8.
Qe2 d6 9. Be3 Bxe3 10. Qxe3 Nf6 11. O-O-O Qc7 12. g4 O-O 13. g5 Nd7 14. f4 b5
15. f5 b4 16. Ne2 Nce5 17. Nf4 Nc5 18. f6 Ncxd3+ 19. Nxd3 Bb7 20. Nd4 Rfc8 21.
Kb1 Qb6 22. Rhe1 Rc4 23. Nf4 Qc5 24. fxg7 Ng4 25. Qg1 Qxg5 26. Qf1 Rac8 27.
Nfxe6 fxe6 28. Nxe6 Qf6 29. Rxd6 Rxc2 30. Qxf6 Rc1+ 31. Rxc1 Bxe4+ 32. Rc2
Bxc2+ 33. Kc1 Nxf6 34. Rd8+ Rxd8 35. Nxd8 Be4 36. Ne6 a5 37. Nd4 Bd5 38. b3
Kxg7 39. Kb2 Ng4 40. h3 Nf2 41. h4 Nd3+ 42. Kc2 Ne1+ 43. Kb2 Nf3 44. Nf5+ Kf6
45. Ne3 Be6 46. a3 Nd4 47. axb4 axb4 48. Ng2 Bxb3 49. Nf4 Bf7 50. Nd3 b3 51.
Kc3 Nf3 52. h5 Kg5 0-1

[Event "First Saturday 2011 november"]
[Site "Budapest"]
[Date "2011.11.16"]
[Round "12"]
[White "Hou, Qiang"]
[Black "Holm, Sejer"]
[Result "1/2-1/2"]
[WhiteElo "2322"]
[BlackElo "2222"]
[PlyCount "42"]
[EventDate "2011.11.05"]

1. e4 e6 2. d4 d5 3. Nd2 dxe4 4. Nxe4 Nd7 5. Nf3 Ngf6 6. Bg5 h6 7. Nxf6+ Nxf6
8. Be3 Bd6 9. Bd3 Nd5 10. Bd2 Nf4 11. Bxf4 Bxf4 12. Qe2 Qd5 13. Bc4 Qa5+ 14. c3
O-O 15. g3 Bd6 16. O-O-O b5 17. Bd3 Bb7 18. a3 Bxa3 19. bxa3 Qxc3+ 20. Kb1 Qb3+
21. Kc1 Qc3+ 1/2-1/2

[Event "First Saturday 2011 november"]
[Site "Budapest"]
[Date "2011.11.17"]
[Round "13"]
[White "Coleman, Teddy"]
[Black "Hou, Qiang"]
[Result "1-0"]
[WhiteElo "2310"]
[BlackElo "2322"]
[PlyCount "75"]
[EventDate "2011.11.05"]

1. d4 Nf6 2. c4 g6 3. Nc3 Bg7 4. e4 d6 5. Nge2 O-O 6. f3 Nc6 7. Be3 a6 8. Qd2
Rb8 9. Rc1 Bd7 10. Nd1 Re8 11. Nf2 e6 12. Bg5 b5 13. c5 e5 14. d5 Nd4 15. c6
Bc8 16. Nxd4 exd4 17. Be2 Qe7 18. O-O Qf8 19. Nd3 h5 20. Rce1 Nh7 21. Bh4 f5
22. Qa5 Qf7 23. Bd1 Kh8 24. Bb3 g5 25. Bf2 g4 26. e5 gxf3 27. exd6 Rxe1 28.
Rxe1 Qg6 29. Nf4 Qxd6 30. Re8+ Nf8 31. Qd2 d3 32. g3 h4 33. Qxd3 hxg3 34. hxg3
a5 35. Qxf3 a4 36. Qh5+ Kg8 37. Ng6 Bxb2 38. Nxf8 1-0

[Event "First Saturday 2011 november"]
[Site "Budapest"]
[Date "2011.11.17"]
[Round "13"]
[White "Szalanczy, Emil"]
[Black "Farago, Sandor"]
[Result "1-0"]
[WhiteElo "2281"]
[BlackElo "2317"]
[PlyCount "117"]
[EventDate "2011.11.05"]

1. e4 e5 2. Nf3 Nc6 3. Bb5 Nf6 4. O-O Nxe4 5. d4 Nd6 6. Bxc6 dxc6 7. dxe5 Nf5
8. Qxd8+ Kxd8 9. Nc3 Bd7 10. b3 b6 11. Bb2 Kc8 12. Rad1 Be7 13. h3 h5 14. Ne2
c5 15. Nf4 Bc6 16. Nd5 Bd8 17. Rfe1 Re8 18. c4 Bd7 19. g3 c6 20. Nf4 g6 21. Kg2
Ng7 22. Rd6 Be7 23. Rxd7 Kxd7 24. e6+ Nxe6 25. Ne5+ Kc7 26. Nxe6+ fxe6 27. Nxg6
Bd6 28. f4 Rad8 29. Re2 Rd7 30. f5 Rh7 31. f6 Rf7 32. Nf4 h4 33. Rxe6 Rg8 34.
Nh5 hxg3 35. Ng7 Kd7 36. Re2 Rgf8 37. h4 Rxf6 38. Bxf6 Rxf6 39. Ne8 Rg6 40.
Nxd6 Kxd6 41. Re4 b5 42. h5 Rg5 43. Rh4 Kc7 44. h6 Rg8 45. h7 Rh8 46. Kxg3 Kb6
47. Kf4 Ka5 48. Ke5 bxc4 49. bxc4 Kb4 50. Kd6 a5 51. Kxc6 Rc8+ 52. Kd5 Rd8+ 53.
Ke6 Rh8 54. Kf6 Ka3 55. Kg7 Rxh7+ 56. Rxh7 Kxa2 57. Rh3 a4 58. Kf6 a3 59. Ke5
1-0

[Event "First Saturday 2011 november"]
[Site "Budapest"]
[Date "2011.11.17"]
[Round "13"]
[White "Keschitz, Gyorgy"]
[Black "Lyell, Mark"]
[Result "1-0"]
[WhiteElo "2315"]
[BlackElo "2189"]
[PlyCount "94"]
[EventDate "2011.11.05"]

1. Nf3 Nc6 2. g3 e5 3. d3 Bc5 4. Bg2 d6 5. c3 Bb6 6. Nbd2 a6 7. b4 f5 8. a3 Nf6
9. e4 O-O 10. O-O fxe4 11. dxe4 Qe8 12. Nc4 Ba7 13. Be3 Be6 14. Nfd2 Bb8 15. f3
d5 16. Nb2 dxe4 17. fxe4 Ba7 18. Ndc4 Rd8 19. Qe2 Nd4 20. cxd4 exd4 21. Bf2 Ng4
22. Qd3 b5 23. Nd2 Qh5 24. h4 Ne5 25. Qc2 Rxf2 26. Rxf2 d3 27. Qxc7 Bxf2+ 28.
Kxf2 Rc8 29. Qd6 Qf7+ 30. Kg1 Nc4 31. Ndxc4 bxc4 32. Nxd3 cxd3 33. Qxd3 Qa7+
34. Kh2 Bc4 35. Qd2 Rf8 36. Rd1 Qf2 37. Qxf2 Rxf2 38. Rc1 Bd3 39. Kg1 Ra2 40.
Rc3 Bb5 41. e5 Ra1+ 42. Kf2 Ra2+ 43. Kf3 Bd7 44. Bf1 Be6 45. Bxa6 Bd5+ 46. Ke3
Kf7 47. Kd4 Ke6 1-0

[Event "First Saturday 2011 november"]
[Site "Budapest"]
[Date "2011.11.17"]
[Round "13"]
[White "Szamoskozy, Gabor"]
[Black "Csonka, Balazs"]
[Result "1/2-1/2"]
[WhiteElo "2378"]
[BlackElo "2303"]
[PlyCount "82"]
[EventDate "2011.11.05"]

1. e4 e5 2. Nf3 Nc6 3. d4 exd4 4. Nxd4 Bc5 5. Be3 Qf6 6. c3 Nge7 7. Bc4 O-O 8.
O-O b6 9. f4 d5 10. exd5 Na5 11. Be2 Nxd5 12. Bf2 Nc6 13. Nxc6 Qxc6 14. Bf3 Bb7
15. Qb3 Bxf2+ 16. Rxf2 Qe6 17. Na3 Rab8 18. Nc2 Rfd8 19. Rd2 Rd6 20. Re1 Qd7
21. Nd4 Nxf4 22. Bxb7 Rxb7 23. Rf2 Ne6 24. Rfe2 Rb8 25. Nxe6 Rxe6 26. Rxe6 fxe6
27. Rxe6 Kh8 28. Re1 Re8 29. Rf1 Qe7 30. Qf7 h6 31. Qxe7 Rxe7 32. Rf8+ Kh7 33.
Kf2 c5 34. a4 Kg6 35. a5 bxa5 36. Rc8 Re6 37. Rxc5 Rb6 38. Rxa5 Rxb2+ 39. Kf3
Rb3 40. Ra6+ Kg5 41. Ra5+ Kg6 1/2-1/2